Novinka zvaná elektronický podpis
Výhody elektronického podpisu. Dve úrovne elektronického podpisu: obyčajný a zaručený. Právna úprava používania elektronického podpisu v ČR a Európskej únii.
Gespeichert in:
| 1. Verfasser: | |
|---|---|
| Format: | Buchkapitel |
| Sprache: | Tschechisch |
| Schlagworte: | |
| Tags: |
Keine Tags, Fügen Sie das erste Tag hinzu!
|
MARC
| LEADER | 00000naa a2200000 4500 | ||
|---|---|---|---|
| 001 | r045559 | ||
| 005 | 20231003123516.7 | ||
| 041 | 0 | |a cze | |
| 044 | |a CZ | ||
| 245 | 1 | 0 | |a Novinka zvaná elektronický podpis |c Pavlína Vondrová |
| 520 | |a Výhody elektronického podpisu. Dve úrovne elektronického podpisu: obyčajný a zaručený. Právna úprava používania elektronického podpisu v ČR a Európskej únii. | ||
| 610 | 2 | 0 | |a podpis elektronický |
| 610 | 2 | 0 | |a úpravy právne |
| 610 | 2 | 0 | |a Európska únia |
| 610 | 2 | 0 | |a Česko |
| 100 | 1 | |a Vondrová, Pavlína | |